000 01259cam a2200325 a 4500
999 _c129053
_d129053
001 3888506
003 ARRUPE
005 20190219105734.0
008 901210r19911988enk b 001 0 eng
010 _a 90027230
020 _a0415062047 (pb)
040 _aDLC
_cDLC
_dDLC
043 _ae-uk---
050 0 0 _aB1616.S87
_bE27 1991
082 0 0 _a149/.96/0941
_220
100 1 _aEasthope, Antony.
_944742
245 1 0 _aBritish post-structuralism since 1968 /
_cAntony Easthope.
250 _aPaperback ed.
260 _aLondon ;
_aNew York :
_bRoutledge,
_c1991.
300 _axiv, 255 p. ;
_c22 cm.
504 _aIncludes bibliographical references (p. 241-249) and index.
650 0 _aPoststructuralism
_zGreat Britain
_xHistory.
_944743
650 0 _aPhilosophy, Modern
_y20th century.
_944744
650 0 _aPhilosophy, British.
_911482
650 0 _aDeconstruction.
_944745
651 0 _aGreat Britain
_xIntellectual life
_y20th century.
_944746
906 _a7
_bcbc
_corignew
_d1
_eocip
_f19
_gy-gencatlg
942 _2lcc
_cMONOGRAPH